Management du sport (notice n° 1552687)

détails MARC
000 -LEADER
fixed length control field 01611cam a2200301zu 4500
003 - CONTROL NUMBER IDENTIFIER
control field FRCYB88859270
005 - DATE AND TIME OF LATEST TRANSACTION
control field 20251020123018.0
008 - FIXED-LENGTH DATA ELEMENTS--GENERAL INFORMATION
fixed length control field 251020s2018 fr | o|||||0|0|||fre d
020 ## - INTERNATIONAL STANDARD BOOK NUMBER
International Standard Book Number 9782100774869
035 ## - SYSTEM CONTROL NUMBER
System control number FRCYB88859270
040 ## - CATALOGING SOURCE
Original cataloging agency FR-PaCSA
Language of cataloging fr
Transcribing agency
Description conventions rda
100 1# - MAIN ENTRY--PERSONAL NAME
Personal name Tribou, Gary
245 01 - TITLE STATEMENT
Title Management du sport
Remainder of title Marketing et gestion des clubs sportifs
Statement of responsibility, etc. ['Tribou, Gary', 'Dermit, Nadine', 'Wojak, Candice']
264 #1 - PRODUCTION, PUBLICATION, DISTRIBUTION, MANUFACTURE, AND COPYRIGHT NOTICE
Name of producer, publisher, distributor, manufacturer Dunod
Date of production, publication, distribution, manufacture, or copyright notice 2018
300 ## - PHYSICAL DESCRIPTION
Extent p.
336 ## - CONTENT TYPE
Content type code txt
Source rdacontent
337 ## - MEDIA TYPE
Media type code c
Source rdamdedia
338 ## - CARRIER TYPE
Carrier type code c
Source rdacarrier
520 ## - SUMMARY, ETC.
Summary, etc. Cette 5e édition du Management du sport vise à souligner la spécificité managériale du secteur sportif. En effet, la pluralité de ses acteurs – clubs amateurs et professionnels, fédérations et administrations publiques, sociétés commerciales – conduit à une utilisation différenciée des outils de gestion.Cette nouvelle édition, à jour des dernières réglementations et de l’actualité sportive, fait le tour complet du management des clubs :l’analyse marketing et la stratégie des clubs, notamment en matière d’innovation sportivele mix de communication et la politique de sponsoringla gestion des ressources humaines associant salariés et bénévoles l’analyse financière et le contrôle de gestion
650 #0 - SUBJECT ADDED ENTRY--TOPICAL TERM
Topical term or geographic name entry element
700 0# - ADDED ENTRY--PERSONAL NAME
Personal name Tribou, Gary
700 0# - ADDED ENTRY--PERSONAL NAME
Personal name Dermit, Nadine
700 0# - ADDED ENTRY--PERSONAL NAME
Personal name Wojak, Candice
856 40 - ELECTRONIC LOCATION AND ACCESS
Access method Cyberlibris
Uniform Resource Identifier <a href="https://international.scholarvox.com/netsen/book/88859270">https://international.scholarvox.com/netsen/book/88859270</a>
Electronic format type text/html
Host name

Pas d'exemplaire disponible.

PLUDOC

PLUDOC est la plateforme unique et centralisée de gestion des bibliothèques physiques et numériques de Guinée administré par le CEDUST. Elle est la plus grande base de données de ressources documentaires pour les Étudiants, Enseignants chercheurs et Chercheurs de Guinée.

Adresse

627 919 101/664 919 101

25 boulevard du commerce
Kaloum, Conakry, Guinée

Réseaux sociaux

Powered by Netsen Group @ 2025